|
|
|
|
| LEADER |
00000cam a2200000 i 4500 |
| 001 |
1/2741 |
| 008 |
091223s1980 gre d |
| 035 |
|
|
|l 10106128
|
| 040 |
|
|
|a GR-MY-UA
|b gre
|e aacr
|
| 041 |
0 |
|
|a gre
|
| 082 |
0 |
|
|a 306.74
|2 (22)
|
| 100 |
1 |
|
|a Πετρόπουλος, Ηλίας,
|d 1928-2003.
|
| 245 |
1 |
3 |
|a Τό μπουρδέλο :
|b ήτοι, λαογραφική πραγματεία περί των εν Ελλάδι οίκων ανοχής και του πληρώματος αυτών /
|c Ηλία Πετροπούλου
|
| 260 |
|
|
|a Αθήνα :
|b Γράμματα,
|c 1980
|
| 300 |
|
|
|a 155 σ.;
|b εικ.;
|c 21 εκ.
|
| 650 |
0 |
0 |
|a Prostitution
|z Greece.
|
| 852 |
|
|
|a INST
|b SAMOS
|e 20091223
|h 306.74 ΠΕΤ
|p 005300031022
|q 005300031022
|t BK
|y 0
|
| 901 |
|
|
|a BIBL3-2009-3
|
| 909 |
|
|
|a Σ
|b 158383
|
| 970 |
|
|
|a ΣΙΤΖΙΜΗ
|b ΓΙΑΣΕΜΗ
|z 2009/12/23
|